书目信息 |
| 题名: |
孕妇一日一读
|
|
| 作者: | 李怡琪等 | |
| 分册: | ||
| 出版信息: | 天津 天津科技翻译出版公司 1993.08 |
|
| 页数: | 290页 | |
| 开本: | 32开 | |
| 丛书名: | ||
| 单 册: | ||
| 中图分类: | R714.16 | |
| 科图分类: | ||
| 主题词: | 产科学 | |
| 电子资源: | ||
| ISBN: | 7-5433-0359-0 | |
| 000 | 00517nam0 2200181 45 | |
| 001 | 9911301546 | |
| 005 | 19991130154214.1 | |
| 010 | @a7-5433-0359-0@d4.80 | |
| 100 | @a19991130d1993 km y0chiy0120 ea | |
| 101 | @achi | |
| 105 | @a z 000yy | |
| 200 | 1 | @a孕妇一日一读@AYun Fu Yi Ri Yi Du@f李怡琪等@FLi Yi Qi Deng |
| 210 | @a天津@c天津科技翻译出版公司@d1993.08 | |
| 215 | @a290页@c无图表@d32开 | |
| 606 | 0 | @a产科学 |
| 690 | @aR714.16@v3 | |
| 801 | @aCN@bPerfectUser@c19991130 | |
| 905 | @aBZT@b44124-125@f2@dR714.16@e1 | |
| 孕妇一日一读/李怡琪等.-天津:天津科技翻译出版公司,1993.08 |
| 290页:无图表;32开 |
| ISBN 7-5433-0359-0:4.80 |
| ● |
| 相关链接 |
|
|
|
正题名:孕妇一日一读
索取号:R714.16/1
 
预约/预借
| 序号 | 登录号 | 条形码 | 馆藏地/架位号 | 状态 | 备注 |
| 1 | 44124 | 200578295 | 中心书库中库/ 中库012架B面5列2层46/ [索取号:R714.16/1] | 在馆 |